|
|
|
|
| LEADER |
00000nam a2200000 a 4500 |
| 001 |
vtls001278622 |
| 003 |
SK-MaSNL |
| 005 |
20260301113310.0 |
| 008 |
251124s1996 FR af y 0 fre |
| 020 |
|
|
|a 2700025016
|c b.c.
|
| 035 |
|
|
|a SNK000229944
|
| 035 |
|
|
|a urn:nbn:sk:snk-am3h4pu
|
| 035 |
|
|
|a urn:nbn:sk:snk-am00cnef
|
| 035 |
|
|
|a D4F17795-9619-48D2-98B5-27B5E2AEEAEF
|
| 040 |
|
|
|a SNK
|b slo
|c SNK
|e AACR2
|
| 041 |
0 |
|
|a fre
|
| 044 |
|
|
|a FR
|
| 080 |
|
|
|a 639.34(084.12)
|2 1981
|
| 100 |
1 |
|
|a Petrovický, Ivan,
|d 1934-2020
|4 aut
|9 234214
|
| 245 |
1 |
|
|a La grande encyclopedie des poissons d'aquarium
|c texte de Ivan Petrovický ; illustrations de Libuše et Jaromír Knotek ; révision de Patrick Louisy ; [adaptation française de Adam et Zdeněk Blesha]
|
| 260 |
|
|
|a Paris
|b Gründ
|c 1996
|e [Martin]
|f [Neografia]
|
| 300 |
|
|
|a 502 s.
|c 30 cm
|
| 650 |
0 |
7 |
|a akváriové ryby
|2 SNKPH
|9 30232
|
| 700 |
1 |
|
|a Knotková, Libuše,
|d 1949-
|4 aut
|9 237911
|
| 700 |
1 |
|
|a Knotek, Jaromír
|4 aut
|9 283469
|
| 919 |
|
|
|a 2-7000-2501-6
|
| 958 |
|
|
|a OND
|
| 999 |
|
|
|c 713636
|d 715566
|
| 952 |
|
|
|t P60, <03>, [BOOK], {603}
|a SNK
|b SNK
|y PREZ
|7 0
|p 17A0052614
|o snkSB 56652
|i snkKSP 2590/97
|0 0
|1 0
|4 0
|d 1997-03-07
|f 1
|l 0
|r 2025-04-02 00:00:00
|w 2026-02-23
|